Conjoint analýza v zákaznícky orientovanom marketingu
Princíp conjoint analýzy ako metódy, ktorá je najviac spojená s výskumom trhu. Príklad aplikácie conjoint analýzy. Ukážka manažérskej aplikácie výsledkov conjoint analýzy. Odhady čiastkových užitočností. Relatívne užitočnosti.
Na minha lista:
| Autor principal: | |
|---|---|
| Formato: | Capítulo de Livro |
| Idioma: | eslovaco |
| Assuntos: | |
| Tags: |
Sem tags, seja o primeiro a adicionar uma tag!
|
MARC
| LEADER | 00000naa$a2200000$$$4500 | ||
|---|---|---|---|
| 001 | 0109718 | ||
| 005 | 20220715093604.8 | ||
| 041 | 0 | |a slo | |
| 044 | |a SK | ||
| 245 | 1 | 0 | |a Conjoint analýza v zákaznícky orientovanom marketingu |c Branislav Pacák |
| 520 | |a Princíp conjoint analýzy ako metódy, ktorá je najviac spojená s výskumom trhu. Príklad aplikácie conjoint analýzy. Ukážka manažérskej aplikácie výsledkov conjoint analýzy. Odhady čiastkových užitočností. Relatívne užitočnosti. | ||
| 610 | 2 | 0 | |a metódy štatistické |
| 610 | 2 | 0 | |a analýza štatistická viacrozmerná |
| 610 | 2 | 0 | |a výskum trhu |
| 610 | 2 | 0 | |a marketing |
| 610 | 2 | 0 | |a štatistika |
| 100 | 1 | |a Pacák, Branislav | |